000 03523nam a2200313 4500
001 113486
003 DR-UNIBE
005 20250827062550.0
008 250424b2025 dr ||||| |||| 00| 0 spa d
020 _a9789945251203
040 _aBIBLIOTECA UNIBE
_cBIBLIOTECA UNIBE
_bspa
_erda
041 _aspa
082 _222
_aR RD 923.75 G377c
100 1 0 _aGerón, Cándido,
_d1950-
_q(Araújo Gerón, Cándido)
_924252
_eautor
_ecuidado de la edición
245 1 0 _aCentenario del maestro Guillo Pérez :
_b1923-2023 /
_cCándido Gerón ; cuidado de edición : Cándido Gerón ; diseño general : Alexander Araujo Batista ; imágenes históricas : Archivo General de la Nación
250 _aPrimera edición
260 _aSanto Domingo :
_b Archivo General de la Nación (AGN),
_c2025
300 _a231 páginas :
_bfotos a color ;
_c30 x 22 cm
490 _aArchivo General de la Nación ;
_v526
500 _aInformación sobre el autor en las solapas. Portada: sin título,36 x 44 pulgadas, óleo sobre tela, colección José Luis Cartagena
505 _aIntroducción | Todo lo que hay que saber del arte del maestro Guillo Pérez | Centenario del maestro Guillo Pérez : patrimonio histórico dominicano | Guillo Pérez sigue siendo el mejor colorista | Guillo Pérez y la poesía del color | Guillo Pérez y los sentimientos comunes | Guillo Pérez, el arte y la autenticidad | Permanencia de Guillo Pérez | Artículos. Informalismo total y espacialismo absoluto en la nueva obra abstracta de Guillo Pérez. Manuel Valldeperes 1964 | Guillo Pérez : imagen de su pintura. Francisco Comarazamy 1969 | Guillo Pérez presenta temas coloniales. María Ugarte 1970 | Guillo Pérez en busca de su color. Enrique de Marchena y Dujarric 1972 | Guillo Pérez atenúa su cromatismo en impresiones de tierra santa. Fernando Peña Defilló 1973 | La hermosa pintura de Guillo Pérez. Marianne de Tolentino 1973 | Una nueva etapa en la pintura de Guillo Pérez. Danilo Lassose 1974 | El buey, el ingenio, el picador, la caña : protagonistas de la nueva pintura de Guillo. Ángela Peña 1976 | Guillo Pérez incorpora la Sociología y la Pintura. Francisco Comarazamy 1976 | Guillo Pérez, un momento del arte nacional. Marianne de Tolentino 1976 | El gallo pasa a enriquecer la pintura de Guillo Pérez. Francisco Comarazamy 1980 | Los gallos de Guillo : tema con magníficos resultados pictóricos. Jeannette Miller 1980 | La máquina del tiempo en la vida y obra del maestro Guillo Pérez. Ángela Peña 1980 | Guillo Pérez, pintor de lo nacional y lo universal. Danilo Lassose 1980 | Guillo Pérez, el gran colorista dominicano. Danilo de los Santos 1990 | La potencialidad cromática y afectiva en la pintura del maestro Guillo Pérez. Cándido Gerón 1980 ┌ Una nueva fórmula estética para la pintura latinoamericana. Abil Peralta 1991 | ¡Oh pero si este Guillo Pérez es un Chaman aeda, cómplice telúrico o aurora!. Tony Raful 1992 | Guillo Pérez : pintor de la nacionalidad dominicana. Eduardo mercedes | Guillo Pérez : 50 años en el arte. Virginia Goris 1995 | Biografía, 223
600 0 _a
_xBiografías
_9194545
600 7 _aPerez, Guillo,
_d1923 -2014
_q(Pérez Chicón, Guillermo)
_xVida y obra
_950054
650 7 _2lemb
_aPintores dominicanos
_xBiografías
_9194633
650 7 _2lemb
_aArtistas dominicanos
_xBiografías
_9194634
700 1 0 _aAraujo Batista, Alexander
_9194544
_ediseñador general
710 1 0 _aArchivo General de la Nación (AGN)
_98461
_eimágenes históricas
942 _2ddc
_cBK
999 _c113486
_d113486